|
|
|
|
| LEADER |
01101nam a22002777a 4500 |
| 001 |
33340 |
| 003 |
BD-DhAAL |
| 005 |
20180714094754.0 |
| 008 |
180714t2003 ja a b 000 0 eng d |
| 999 |
|
|
|c 39713
|d 39713
|
| 020 |
|
|
|a 87140613X
|
| 040 |
|
|
|a BD-DhAAL
|
| 082 |
0 |
0 |
|a 728.372092
|2 21
|
| 245 |
1 |
0 |
|a Frank Lloyd Wright Fallingwater /
|c edited and photographed by Yukio Futagawa ; text by Bruce Brooks Pfeiffer
|
| 260 |
|
|
|a Tokyo :
|b A.D.A. EDITA,
|c c2003
|
| 300 |
|
|
|a 237 pages :
|b illustrations ;
|c 23 cm.
|
| 526 |
|
|
|a ARC
|
| 541 |
|
|
|e 33340
|
| 600 |
1 |
0 |
|a Wright, Frank Lloyd,
|d 1867-1959.
|9 27045
|
| 600 |
3 |
0 |
|a Kauffman family
|x Homes and haunts
|v Pictorial works.
|9 27046
|
| 610 |
2 |
0 |
|a Fallingwater (Pa.)
|v Pictorial works.
|9 27047
|
| 700 |
|
|
|a Futagawa, Yukio
|9 27048
|
| 710 |
|
|
|a Bruce Brooks Pfeiffer
|9 27049
|
| 852 |
|
|
|a Department of Architecture
|c General Stacks
|
| 942 |
|
|
|2 ddc
|c BK
|
| 952 |
|
|
|0 0
|1 0
|2 ddc
|4 0
|6 728_372092000000000_FRA
|7 0
|9 63740
|a BRACUL
|b BRACUL
|c GEN
|d 2018-07-14
|l 3
|o 728.372092 FRA
|p 3010033340
|r 2026-03-07
|s 2026-02-28
|t 1
|w 2018-07-14
|y BK
|x Transferred from ARC to BRACUL on 28/12/2023
|